000 00470nam a2200181Ia 4500
005 20250326124724.0
008 250326s9999 xx 000 0 und d
037 _aTextbook
040 _aFMSL
_beng
_cFMSL
041 _aeng
_2eng
084 _aX:87 M2
_qFMSL
100 _aHeller T
_9737862
245 0 _aWomen and men as leaders
_cHeller T
260 _aUSA
_bUSA, Praeger
_c1982
300 _a208p
942 _cTB
_hX:87 M2
999 _c1274922
_d1274922